Jean Sibelius

Kaydedildi:
Detaylı Bibliyografya
Yazar: Vignal, Marc (Yazar)
Materyal Türü: Kitap
Dil:Fransızca
Baskı/Yayın Bilgisi: París Seghers 1965
Seri Bilgileri:Musiciens de Tous les Temps
Konular:
Etiketler: Etiketle
Etiket eklenmemiş, İlk siz ekleyin!

MARC

LEADER 00000nam a2200000 a 4500
001 UCN2234
003 CL-VaPUC
008 010511e19650000FR |||||||||||||||||fre|d
082 0 4 |a 780.92  |b VIG  |2 21 
100 0 |a Vignal, Marc  |e author  |9 458002 
245 1 0 |a Jean Sibelius 
300 |a 188 p 
942 |c BK 
945 |d 20010511 00:00:00  |a crobeson 
260 |a París  |b Seghers  |c 1965 
600 0 7 |a SIBELIUS, JEAN  |2 CL-VaPUC  |9 458003 
650 7 |a COMPOSITORES FINLANDESES  |2 CL-VaPUC  |9 458004 
650 0 |a Música, siglo 20  |9 324961 
583 |a last modification  |c 20010511 00:00:00  |k Rodrigo Vera 
490 0 |a Musiciens de Tous les Temps 
999 |c 295392  |d 295390 
952 |0 0  |1 0  |4 0  |6 780_920000000000000_VIG_1965  |7 0  |8 A  |9 348392  |a BIBEDU  |b BIBEDU  |d 2019-11-20  |i 1182560  |o 780.92 VIG 1965  |p 1182560  |r 2023-01-12  |w 2019-11-20  |y BK  |k MUS